<?xml version="1.0" encoding="UTF-8"?>
<collection xmlns="http://www.loc.gov/MARC21/slim">
 <record>
  <leader>00769nam a22002175a 4500</leader>
  <controlfield tag="001">CEM.cems002687</controlfield>
  <controlfield tag="005">20060217000000.0</controlfield>
  <controlfield tag="008">130507s1968##################000#0#####d</controlfield>
  <controlfield tag="003">CEMS</controlfield>
  <datafield tag="082" ind1="0" ind2="4">
   <subfield code="a">371.33</subfield>
  </datafield>
  <datafield tag="100" ind1="1" ind2=" ">
   <subfield code="a">Gandolfo, Adriana</subfield>
  </datafield>
  <datafield tag="245" ind1="1" ind2="0">
   <subfield code="a">El audiovisualismo en la enseñanza de las lenguas extranjeras /</subfield>
   <subfield code="c">Adriana Gandolfo</subfield>
  </datafield>
  <datafield tag="260" ind1=" " ind2=" ">
   <subfield code="a">Buenos Aires :</subfield>
   <subfield code="b">Guadalupe,</subfield>
   <subfield code="c">1968</subfield>
  </datafield>
  <datafield tag="300" ind1=" " ind2=" ">
   <subfield code="a">166 p.</subfield>
  </datafield>
  <datafield tag="490" ind1="0" ind2=" ">
   <subfield code="a">Pedag¢gica: Metodolog¡a Ii/4</subfield>
  </datafield>
  <datafield tag="505" ind1="0" ind2=" ">
   <subfield code="a">La imagen.- El film.- La diapositiva.- Metodolog¡a.- Dramatizaci¢n.- El laboratorio audiovisual.- Divulgaci¢n.-</subfield>
  </datafield>
  <datafield tag="653" ind1=" " ind2=" ">
   <subfield code="a">Educacion</subfield>
  </datafield>
  <datafield tag="653" ind1=" " ind2=" ">
   <subfield code="a">Lenguas extranjeras</subfield>
  </datafield>
  <datafield tag="653" ind1=" " ind2=" ">
   <subfield code="a">Medios audiovisuales</subfield>
  </datafield>
  <datafield tag="653" ind1=" " ind2=" ">
   <subfield code="a">Recursos didacticos</subfield>
  </datafield>
  <datafield tag="859" ind1=" " ind2=" ">
   <subfield code="a">CEMS</subfield>
   <subfield code="b">BIB. CEMS - 11 de abril</subfield>
   <subfield code="h">371.33</subfield>
   <subfield code="i">G152</subfield>
   <subfield code="p">14262.86</subfield>
   <subfield code="t">Ej.1</subfield>
  </datafield>
 </record>
</collection>
